Ο δρόμος προς τη Δύση
Αποθηκεύτηκε σε:
| Κύριος συγγραφέας: | |
|---|---|
| Άλλοι συγγραφείς: | |
| Μορφή: | Βιβλίο |
| Γλώσσα: | Greek English |
| Δημοσίευση: |
Αθήναι :
Ατλαντίς,
[1949;].
|
| Θέματα: | |
| Ετικέτες: |
Προσθήκη ετικέτας
Δεν υπάρχουν, Καταχωρήστε ετικέτα πρώτοι!
|
MARC
| LEADER | 00000cam a2200000 i 4500 | ||
|---|---|---|---|
| 001 | 1/97269 | ||
| 008 | 081113s1949 gr | ||| |||| ||gre|| | ||
| 035 | |l 10101651 | ||
| 040 | |a GR-MY-UA |b gre |e aacr | ||
| 041 | 1 | |a gre |h eng | |
| 082 | 7 | |a 813.087408 |2 (22) | |
| 100 | 1 | |a Guthrie, A. B. |q (Alfred Bertram), |d 1901-1991. | |
| 245 | 1 | 2 | |a Ο δρόμος προς τη Δύση / |c A.B. Guthrie ; διασκευή Καίσαρος Εμμανουήλ. |
| 260 | |a Αθήναι : |b Ατλαντίς, |c [1949;]. | ||
| 300 | |a 387 σ. ; |c 20 εκ. | ||
| 500 | |a Τίτλος πρωτοτύπου: The way West. | ||
| 650 | 0 | 0 | |a Western stories. |
| 650 | 0 | 0 | |a Adventure stories, American. |
| 650 | 0 | 0 | |a American literature |y 20th century. |
| 700 | 1 | |a Εμμανουήλ, Καίσαρ, |d 1902-1970, |e trl | |
| 852 | |a INST |b RHODES |c AKA |e 20081113 |h 813.087408 GUT |p 005400031253 |q 005400031253 |t BK |y 0 | ||
| 901 | |a BIBL4-2008-3 | ||
| 909 | |a Ρ |b 153593 | ||
| 970 | |a ΧΑΡΙΟΠΟΛΙΤΟΥ |b ΚΩΝΣΤΑΝΤΙΝΑ |z 2008/11/13 | ||